[Event "Civil Service Ch 8th"]
[Site "Leeds"]
[Date "1998.??.??"]
[Round "3"]
[White "Pheby, Ian M"]
[Black "Collinson, Benjamin"]
[Result "0-1"]
[WhiteElo "1950"]
[BlackElo "2065"]
[PlyCount "88"]
[EventDate "1998.07.??"]
[EventType "swiss"]
[EventRounds "5"]
[EventCountry "ENG"]
[SourceTitle "BritBase"]
[Source "John Saunders"]
[SourceDate "2024.12.03"]
[SourceVersion "1"]
[SourceVersionDate "2024.12.03"]
[SourceQuality "1"]

1. d4 Nf6 2. c4 d6 3. Nc3 Nbd7 4. e4 e5 5. Nf3 Be7 6. Be2 O-O 7. O-O c6 8. Re1 a6 9. Qc2 b5 10. b3 Bb7 11. Bb2 Re8 12. dxe5 dxe5 13. Nd1 Bb4 14. Bc3 Bxc3 15. Nxc3 b4 16. Na4 c5 17. Nd2 Qc7 18. f3 Nf8 19. Nf1 Ne6 20. Rad1 Bc6 21. Nb2 Nd4 22. Qc1 a5 23. Rd2 a4 24. Bd1 axb3 25. Bxb3 Nd7 26. Ne3 Ra3 27. Qd1 Qa7 28. Nd3 Ba4 29. Nc1 Nb8 30. Nf5 Nbc6 31. Nxd4 Nxd4 32. Re3 Bxb3 33. axb3 Ra1 34. Rb2 Rd8 35. Kf2 Qe7 36. Rd2 Qh4+ 37. Kg1 Qg5 38. Kf2 Rda8 39. Red3 Rb1 40. g3 Raa1 41. f4 exf4 42. Rxd4 fxg3+ 43. hxg3 cxd4 44. Rxd4 h6 0-1

[Event "Civil Service Ch 8th"]
[Site "Leeds"]
[Date "1998.??.??"]
[Round "3"]
[White "Robson, Paul E"]
[Black "Millard, Ian"]
[Result "1-0"]
[WhiteElo "1920"]
[BlackElo "1680"]
[PlyCount "57"]
[EventDate "1998.07.??"]
[EventType "swiss"]
[EventRounds "5"]
[EventCountry "ENG"]
[SourceTitle "BritBase"]
[Source "John Saunders"]
[SourceDate "2024.12.03"]
[SourceVersion "1"]
[SourceVersionDate "2024.12.03"]
[SourceQuality "1"]

1. e4 d5 2. exd5 Qxd5 3. Nc3 Qa5 4. g3 Nf6 5. Bg2 Nbd7 6. d4 c6 7. Nf3 e6 8. O-O Be7 9. Re1 O-O 10. Ne5 Nd5 11. Ne4 f6 12. Nd3 b5 13. c3 Qb6 14. Qb3 c5 15. Nexc5 Nxc5 16. dxc5 Bxc5 17. Bxd5 exd5 18. Qxd5+ Kh8 19. Nxc5 Bh3 20. Qh5 Bc8 21. Be3 Qc7 22. Bd4 g6 23. Qh6 Qg7 24. Qxg7+ Kxg7 25. Re7+ Kg8 26. Rae1 Bf5 27. Nd7 Bxd7 28. Rxd7 Rf7 29. Ree7 1-0

[Event "Civil Service Ch 8th"]
[Site "Leeds"]
[Date "1998.??.??"]
[Round "3"]
[White "Strickland, Ian D"]
[Black "Smith, GM."]
[Result "1/2-1/2"]
[WhiteElo "1605"]
[BlackElo "1665"]
[PlyCount "63"]
[EventDate "1998.07.??"]
[EventType "swiss"]
[EventRounds "5"]
[EventCountry "ENG"]
[SourceTitle "BritBase"]
[Source "John Saunders"]
[SourceDate "2024.12.03"]
[SourceVersion "1"]
[SourceVersionDate "2024.12.03"]
[SourceQuality "1"]

1. d4 d5 2. c4 e6 3. Nc3 c6 4. cxd5 exd5 5. Nf3 Nf6 6. Bg5 Be7 7. e3 Bg4 8. Be2 Nbd7 9. O-O Nf8 10. Ne5 Bxe2 11. Qxe2 N6d7 12. Bxe7 Qxe7 13. Nxd7 Nxd7 14. Rab1 O-O 15. b4 a6 16. Rfc1 Rfe8 17. a4 f5 18. Qf3 Qe6 19. b5 axb5 20. axb5 Rab8 21. bxc6 bxc6 22. Qd1 Nb6 23. Ne2 Nc4 24. Rxb8 Rxb8 25. Rb1 Qd6 26. g3 g6 27. Rb3 Rxb3 28. Qxb3 Nd2 29. Qb2 Nf3+ 30. Kg2 Ne1+ 31. Kf1 Nf3 32. Kg2 1/2-1/2

[Event "Civil Service Ch 8th"]
[Site "Leeds"]
[Date "1998.??.??"]
[Round "3"]
[White "Thurlow, Kevin J"]
[Black "Charter, Mark R"]
[Result "1/2-1/2"]
[WhiteElo "2090"]
[BlackElo "2050"]
[PlyCount "43"]
[EventDate "1998.07.??"]
[EventType "swiss"]
[EventRounds "5"]
[EventCountry "ENG"]
[SourceTitle "BritBase"]
[Source "John Saunders"]
[SourceDate "2024.12.03"]
[SourceVersion "1"]
[SourceVersionDate "2024.12.03"]
[SourceQuality "1"]

1. c4 e5 2. Nc3 Nf6 3. Nf3 Nc6 4. e3 Bb4 5. Qc2 Bxc3 6. Qxc3 d6 7. a3 a5 8. Be2 O-O 9. O-O Bg4 10. h3 Bh5 11. d3 Re8 12. b3 e4 13. dxe4 Nxe4 14. Qc2 Ng5 15. Nxg5 Qxg5 16. Bxh5 Qxh5 17. Bb2 Qg6 18. Qxg6 hxg6 19. Rad1 Ne5 20. Rd5 Nd7 21. Bd4 b6 22. Rb1 1/2-1/2

[Event "Civil Service Ch 8th"]
[Site "Leeds"]
[Date "1998.??.??"]
[Round "3"]
[White "Wolstencroft, Darryl"]
[Black "Archer, Richard P"]
[Result "1/2-1/2"]
[WhiteElo "1975"]
[BlackElo "1865"]
[PlyCount "50"]
[EventDate "1998.07.??"]
[EventType "swiss"]
[EventRounds "5"]
[EventCountry "ENG"]
[SourceTitle "BritBase"]
[Source "John Saunders"]
[SourceDate "2024.12.03"]
[SourceVersion "1"]
[SourceVersionDate "2024.12.03"]
[SourceQuality "1"]

1. c4 e5 2. g3 Nf6 3. Bg2 Bc5 4. Nc3 c6 5. d3 O-O 6. Nf3 d6 7. O-O Bg4 {draw offered} 8. Bg5 Bxf3 9. Bxf3 h6 10. Bd2 Qd7 11. Ne4 Na6 12. Rb1 Bb4 13. Bc1 Nc5 14. a3 Ba5 15. Nxc5 dxc5 16. b4 cxb4 17. axb4 Bb6 18. b5 cxb5 19. Rxb5 Rfe8 20. Qb3 e4 21. dxe4 Nxe4 22. Bxe4 Rxe4 23. c5 Re5 24. Be3 Rh5 25. h4 Qh3 1/2-1/2

[Event "Civil Service Ch 8th"]
[Site "Leeds"]
[Date "1998.??.??"]
[Round "4"]
[White "Archer, Richard P"]
[Black "Pheby, Ian M"]
[Result "1/2-1/2"]
[WhiteElo "1865"]
[BlackElo "1950"]
[PlyCount "87"]
[EventDate "1998.07.??"]
[EventType "swiss"]
[EventRounds "5"]
[EventCountry "ENG"]
[SourceTitle "BritBase"]
[Source "John Saunders"]
[SourceDate "2024.12.03"]
[SourceVersion "1"]
[SourceVersionDate "2024.12.03"]
[SourceQuality "1"]

1. e4 c6 2. d4 d5 3. e5 Bf5 4. Ne2 e6 5. Ng3 Bg6 6. Bd3 Bxd3 7. Qxd3 c5 8. c3 Nc6 9. Nd2 cxd4 10. cxd4 Rc8 11. O-O Qb6 12. Nf3 Nge7 13. Bd2 Ng6 14. a3 Be7 15. b4 O-O 16. Rfd1 f6 17. b5 Na5 18. exf6 Bxf6 19. Bb4 Rfe8 20. Nh5 Nc4 21. Nxf6+ gxf6 22. Bc5 Qxb5 23. Rdb1 Qa6 24. Nd2 Nxd2 25. Qxd2 b6 26. Bb4 Rc4 27. Rc1 Rec8 28. Rxc4 Qxc4 29. Re1 e5 30. dxe5 fxe5 31. Bd6 d4 32. h4 Qc3 33. Qa2+ Kg7 34. Bb4 Qc4 35. Qd2 a5 36. h5 axb4 37. hxg6 h6 38. axb4 Qc3 39. Qd1 d3 40. Rf1 d2 41. Qa4 Qc7 42. Rd1 Qd6 43. Qa2 Kxg6 44. Qxd2 1/2-1/2

[Event "Civil Service Ch 8th"]
[Site "Leeds"]
[Date "1998.??.??"]
[Round "4"]
[White "Brusey, Alan W"]
[Black "Thurlow, Kevin J"]
[Result "1/2-1/2"]
[WhiteElo "1970"]
[BlackElo "2090"]
[PlyCount "87"]
[EventDate "1998.07.??"]
[EventType "swiss"]
[EventRounds "5"]
[EventCountry "ENG"]
[SourceTitle "BritBase"]
[Source "John Saunders"]
[SourceDate "2024.12.03"]
[SourceVersion "1"]
[SourceVersionDate "2024.12.03"]
[SourceQuality "1"]

1. e4 c5 2. c3 g6 3. d4 cxd4 4. cxd4 d5 5. exd5 Nf6 6. Nc3 Nxd5 7. Nf3 Bg7 8. Bc4 Nb6 9. Bb3 O-O 10. O-O Nc6 11. Be3 Na5 12. Bc2 Nac4 13. b3 Nxe3 14. fxe3 Bg4 15. Be4 Qd7 16. h3 Rac8 17. Rc1 Be6 18. Ng5 Bd5 19. Nxd5 Nxd5 20. Rxc8 Rxc8 21. Qf3 e6 22. Bxd5 exd5 23. Qxf7+ Qxf7 24. Nxf7 Rc3 25. Nd6 Rxe3 26. Rd1 Re2 27. a4 Re3 28. b4 Rb3 29. b5 Ra3 30. Nxb7 Rxa4 31. Nd6 Rxd4 32. Ra1 Rb4 33. Rc1 Be5 34. Rc8+ Kg7 35. Rc6 Bxd6 36. Rxd6 Rxb5 37. Rd7+ Kf6 38. Rxa7 h5 39. Kf2 d4 40. Kf3 Re5 41. Rd7 Re3+ 42. Kf2 Ke5 43. Re7+ Kf4 44. g3+ 1/2-1/2

[Event "Civil Service Ch 8th"]
[Site "Leeds"]
[Date "1998.??.??"]
[Round "4"]
[White "Charter, Mark R"]
[Black "Portman, Carl S"]
[Result "1/2-1/2"]
[WhiteElo "2050"]
[BlackElo "1855"]
[PlyCount "93"]
[EventDate "1998.07.??"]
[EventType "swiss"]
[EventRounds "5"]
[EventCountry "ENG"]
[SourceTitle "BritBase"]
[Source "John Saunders"]
[SourceDate "2024.12.03"]
[SourceVersion "1"]
[SourceVersionDate "2024.12.03"]
[SourceQuality "1"]

1. e4 e6 2. Nc3 d5 3. Nf3 dxe4 4. Nxe4 Nd7 5. Bc4 Ngf6 6. Ng3 Be7 7. O-O b6 8. Re1 Bb7 9. d4 O-O 10. Qe2 Bxf3 11. Qxf3 c5 12. Be3 Qc7 13. Bb5 a6 14. Bxd7 Nxd7 15. Bf4 Bd6 16. Bxd6 Qxd6 17. dxc5 Qxc5 18. Rad1 Nf6 19. Qd3 Rfc8 20. c3 Qc7 21. Qd6 Qxd6 22. Rxd6 Rab8 23. Ne4 Nxe4 24. Rxe4 Rd8 25. Red4 Rxd6 26. Rxd6 Kf8 27. Kf1 Ke7 28. Rc6 Kd7 29. Rc4 e5 30. Ke2 b5 31. Rb4 Kc6 32. Ke3 f5 33. a4 a5 34. Rb3 Kc5 35. Ra3 b4 36. cxb4+ Rxb4 37. Rc3+ Kd5 38. b3 g5 39. Kd2 g4 40. Kc2 Rf4 41. Rd3+ Kc5 42. Rd2 h5 43. Kc3 h4 44. Re2 Kd5 45. Rd2+ Kc5 46. Re2 Kd5 47. Rd2+ 1/2-1/2

[Event "Civil Service Ch 8th"]
[Site "Leeds"]
[Date "1998.??.??"]
[Round "4"]
[White "Collinson, Benjamin"]
[Black "Ashby, Anthony C"]
[Result "1/2-1/2"]
[WhiteElo "2065"]
[BlackElo "1985"]
[PlyCount "52"]
[EventDate "1998.07.??"]
[EventType "swiss"]
[EventRounds "5"]
[EventCountry "ENG"]
[SourceTitle "BritBase"]
[Source "John Saunders"]
[SourceDate "2024.12.03"]
[SourceVersion "1"]
[SourceVersionDate "2024.12.03"]
[SourceQuality "1"]

1. e4 e6 2. d3 d5 3. Nd2 Nf6 4. Ngf3 c5 5. g3 Nc6 6. Bg2 Qc7 7. O-O b6 8. Re1 Be7 9. Nf1 d4 10. c3 dxc3 11. bxc3 Bb7 12. Bf4 e5 13. Bg5 O-O 14. Ne3 Rad8 15. Bxf6 Bxf6 16. Nd5 Qd6 17. Qc2 Rc8 18. Rad1 Ne7 19. Nxf6+ Qxf6 20. Qd2 Nc6 21. Nh4 g6 22. Qh6 Qg7 23. Qxg7+ Kxg7 24. f4 f6 25. fxe5 fxe5 26. Nf3 Rcd8 1/2-1/2

[Event "Civil Service Ch 8th"]
[Site "Leeds"]
[Date "1998.??.??"]
[Round "4"]
[White "Dennington, Robert"]
[Black "Maxwell, Alistair"]
[Result "1/2-1/2"]
[WhiteElo "1605"]
[BlackElo "2120"]
[PlyCount "50"]
[EventDate "1998.07.??"]
[EventType "swiss"]
[EventRounds "5"]
[EventCountry "ENG"]
[SourceTitle "BritBase"]
[Source "John Saunders"]
[SourceDate "2024.12.03"]
[SourceVersion "1"]
[SourceVersionDate "2024.12.03"]
[SourceQuality "1"]

1. e4 e5 2. Nc3 Nf6 3. f4 d5 4. fxe5 Nxe4 5. d3 Nxc3 6. bxc3 d4 7. Nf3 c5 8. cxd4 cxd4 9. Be2 Nc6 10. O-O Be7 11. Qe1 O-O 12. Qg3 Kh8 13. Bf4 Be6 14. Nd2 Bh4 15. Qf3 f6 16. Qh5 fxe5 17. Bxe5 Rxf1+ 18. Rxf1 Nxe5 19. Qxe5 {draw offer} Qd5 20. Qxd5 Bxd5 21. Nb3 Bg5 22. Rf5 Be3+ 23. Kf1 Bxb3 24. axb3 g5 25. Rf7 Kg8 1/2-1/2

[Event "Civil Service Ch 8th"]
[Site "Leeds"]
[Date "1998.??.??"]
[Round "4"]
[White "Millard, Ian"]
[Black "Nicholas, Jeff J"]
[Result "0-1"]
[WhiteElo "1680"]
[BlackElo "1720"]
[PlyCount "82"]
[EventDate "1998.07.??"]
[EventType "swiss"]
[EventRounds "5"]
[EventCountry "ENG"]
[SourceTitle "BritBase"]
[Source "John Saunders"]
[SourceDate "2024.12.03"]
[SourceVersion "1"]
[SourceVersionDate "2024.12.03"]
[SourceQuality "1"]

1. d4 d5 2. c4 e6 3. Nc3 Nf6 4. Nf3 Be7 5. e3 O-O 6. Bd3 b6 7. cxd5 exd5 8. Ne5 Bb7 9. f3 Nbd7 10. Nxd7 Qxd7 11. g4 c5 12. g5 Nh5 13. Rg1 cxd4 14. exd4 Bb4 15. Qc2 Rfe8+ 16. Kd1 g6 17. Qg2 Bxc3 18. bxc3 Qc6 19. Qb2 Qd6 20. Qd2 Rac8 21. a4 a6 22. Ra2 Qd7 23. Re1 Rxe1+ 24. Qxe1 Qc7 25. Rc2 Qc6 26. Qe7 Re8 27. Qb4 Qc7 28. Ba3 Nf4 29. Bf1 Ne6 30. Kc1 Nxg5 31. Re2 Ne6 32. Kb1 a5 33. Qb2 Rc8 34. Re3 Bc6 35. Qc2 Bd7 36. Bh3 Qc4 37. Bxe6 Bxe6 38. Bd6 Bf5 39. Re4 dxe4 40. fxe4 Bd7 41. Kb2 Bxa4 0-1

[Event "Civil Service Ch 8th"]
[Site "Leeds"]
[Date "1998.??.??"]
[Round "4"]
[White "Pendlebury, Ian G"]
[Black "Wolstencroft, Darryl"]
[Result "0-1"]
[WhiteElo "1960"]
[BlackElo "1975"]
[PlyCount "78"]
[EventDate "1998.07.??"]
[EventType "swiss"]
[EventRounds "5"]
[EventCountry "ENG"]
[SourceTitle "BritBase"]
[Source "John Saunders"]
[SourceDate "2024.12.03"]
[SourceVersion "1"]
[SourceVersionDate "2024.12.03"]
[SourceQuality "1"]

1. Nf3 c5 2. e3 g6 3. d4 Bg7 4. c3 b6 5. Be2 Bb7 6. O-O Nf6 7. Nbd2 O-O 8. b3 d6 9. Bb2 Nbd7 10. c4 cxd4 11. exd4 Nh5 12. Re1 Nf4 13. Bf1 Nc5 14. Qc2 Na6 15. Bc3 Qd7 16. d5 Bh6 17. Ne4 f5 18. Neg5 e5 19. g3 Nh5 20. Ne6 Rfe8 21. Bd2 Bg7 22. Bg2 Nc5 23. Nxc5 bxc5 24. Rab1 e4 25. Ng5 h6 26. Ne6 Rxe6 27. dxe6 Qxe6 28. Rbd1 Bd4 29. Bc3 Qf6 30. Bxd4 cxd4 31. Qd2 d3 32. Qxh6 Rf8 33. Rxd3 f4 34. Rd2 f3 35. Bf1 Ng7 36. Qe3 Nf5 37. Qxa7 Rf7 38. Qb8+ Kg7 39. Qa7 Qc3 {Time} 0-1

[Event "Civil Service Ch 8th"]
[Site "Leeds"]
[Date "1998.??.??"]
[Round "4"]
[White "Smith, GM."]
[Black "Robson, Paul E"]
[Result "1/2-1/2"]
[WhiteElo "1665"]
[BlackElo "1920"]
[PlyCount "128"]
[EventDate "1998.07.??"]
[EventType "swiss"]
[EventRounds "5"]
[EventCountry "ENG"]
[SourceTitle "BritBase"]
[Source "John Saunders"]
[SourceDate "2024.12.03"]
[SourceVersion "1"]
[SourceVersionDate "2024.12.03"]
[SourceQuality "1"]

1. e4 g6 2. Nf3 c5 3. d3 Bg7 4. c3 Nc6 5. Be2 d6 6. Be3 e6 7. Nbd2 Nge7 8. Bg5 O-O 9. Nf1 b5 10. Qd2 Rb8 11. Bh6 d5 12. Bxg7 Kxg7 13. Ne3 dxe4 14. dxe4 b4 15. cxb4 cxb4 16. Rd1 Qxd2+ 17. Rxd2 Rd8 18. Rxd8 Nxd8 19. O-O Bb7 20. Nd2 Ndc6 21. Nb3 Rd8 22. Rd1 Rxd1+ 23. Nxd1 {draw offer} e5 24. f3 Nc8 25. Nc5 Ba8 26. Na6 Nd6 27. Ne3 Bb7 28. Nc5 Bc8 29. Nd5 Kf8 30. b3 Nd4 31. Bd3 a5 32. Nf6 Kg7 33. Nd5 Nc6 34. Nb6 Kf8 35. Nd5 {draw offer} h6 36. Kf2 Nb7 37. Na4 Nd4 38. Nab6 Be6 39. Ke1 Nc5 40. Bc4 Nc2+ 41. Kd2 Nd4 42. Ne3 Ke7 43. Bd5 Bxd5 44. Nexd5+ Kd8 45. Nc4 Nc6 46. Nd6 a4 {draw offer} 47. bxa4 f6 48. Nf7+ Kd7 49. Nxh6 Ke6 50. Ng4 f5 51. Nf2 Nxa4 52. g4 Nc5 53. gxf5+ gxf5 54. Ne3 f4 55. Nc4 Nd4 56. Ng4 Nxf3+ 57. Ke2 Nxh2 58. Nxh2 Nxe4 59. Ng4 Nc3+ 60. Kd2 Nxa2 61. Ngxe5 b3 62. Nd3 f3 63. Ke3 Kd5 64. Ncb2 f2 1/2-1/2

[Event "Civil Service Ch 8th"]
[Site "Leeds"]
[Date "1998.??.??"]
[Round "4"]
[White "Strickland, Ian D"]
[Black "Parkes, Jack C"]
[Result "1/2-1/2"]
[WhiteElo "1605"]
[BlackElo "1970"]
[PlyCount "39"]
[EventDate "1998.07.??"]
[EventType "swiss"]
[EventRounds "5"]
[EventCountry "ENG"]
[SourceTitle "BritBase"]
[Source "John Saunders"]
[SourceDate "2024.12.03"]
[SourceVersion "1"]
[SourceVersionDate "2024.12.03"]
[SourceQuality "1"]

1. d4 c5 2. d5 Nf6 3. c4 e6 4. Nc3 exd5 5. cxd5 d6 6. e4 g6 7. f4 Bg7 8. Bb5+ Bd7 9. Bxd7+ Nbxd7 10. Nf3 O-O 11. O-O Re8 12. Re1 Ng4 13. h3 Nh6 14. e5 Nf5 15. e6 fxe6 16. dxe6 Nf8 17. Ng5 Bd4+ 18. Kh2 Qc8 19. Qb3 c4 20. Qb5 1/2-1/2

[Event "Civil Service Ch 8th"]
[Site "Leeds"]
[Date "1998.??.??"]
[Round "4"]
[White "Walker, Martin Graham"]
[Black "Lewyk, Ihor"]
[Result "1-0"]
[WhiteElo "2135"]
[BlackElo "1975"]
[PlyCount "69"]
[EventDate "1998.07.??"]
[EventType "swiss"]
[EventRounds "5"]
[EventCountry "ENG"]
[SourceTitle "BritBase"]
[Source "John Saunders"]
[SourceDate "2024.12.03"]
[SourceVersion "1"]
[SourceVersionDate "2024.12.03"]
[SourceQuality "1"]

1. e4 d5 2. exd5 Nf6 3. d4 Bg4 4. f3 Bf5 5. c4 e6 6. dxe6 Bb4+ 7. Bd2 Bxd2+ 8. Qxd2 Bxe6 9. Nc3 O-O 10. O-O-O c6 11. b3 Qc7 12. Nge2 b5 13. Nf4 Bd7 14. Bd3 a5 15. cxb5 cxb5 16. Kb2 b4 17. Ncd5 Qd6 18. Be4 Ra7 19. h4 Bc6 20. Nxf6+ Qxf6 21. Nh5 Qd6 22. d5 f5 23. Bb1 Rd7 24. Nf4 Na6 25. Qd4 Nc7 26. Rhe1 a4 27. Qe5 Qxe5+ 28. Rxe5 g6 29. Bd3 a3+ 30. Kb1 Bb5 31. d6 Bxd3+ 32. Rxd3 Ne8 33. Ne6 Rf6 34. Nc5 Rd8 35. Nb7 1-0

[Event "Civil Service Ch 8th"]
[Site "Leeds"]
[Date "1998.??.??"]
[Round "5"]
[White "Ashby, Anthony C"]
[Black "Charter, Mark R"]
[Result "1/2-1/2"]
[WhiteElo "1985"]
[BlackElo "2050"]
[PlyCount "46"]
[EventDate "1998.07.??"]
[EventType "swiss"]
[EventRounds "5"]
[EventCountry "ENG"]
[SourceTitle "BritBase"]
[Source "John Saunders"]
[SourceDate "2024.12.03"]
[SourceVersion "1"]
[SourceVersionDate "2024.12.03"]
[SourceQuality "1"]

1. e4 e6 2. d4 d5 3. Nc3 Nf6 4. e5 Nfd7 5. f4 c5 6. Nf3 Nc6 7. Be3 Qb6 8. Na4 Qa5+ 9. c3 c4 10. b4 Nxb4 11. cxb4 Bxb4+ 12. Kf2 b5 13. Nc5 Bc3 14. f5 Nxc5 15. dxc5 Bxa1 16. Qxa1 exf5 17. e6 f6 18. Nd4 O-O 19. g3 Re8 20. Bg2 Bxe6 21. Nxe6 Rxe6 22. Bxd5 Rae8 23. Rd1 Kf8 1/2-1/2

[Event "Civil Service Ch 8th"]
[Site "Leeds"]
[Date "1998.??.??"]
[Round "5"]
[White "Collinson, Benjamin"]
[Black "Walker, Martin Graham"]
[Result "0-1"]
[WhiteElo "2065"]
[BlackElo "2135"]
[PlyCount "54"]
[EventDate "1998.07.??"]
[EventType "swiss"]
[EventRounds "5"]
[EventCountry "ENG"]
[SourceTitle "BritBase"]
[Source "John Saunders"]
[SourceDate "2024.12.03"]
[SourceVersion "1"]
[SourceVersionDate "2024.12.03"]
[SourceQuality "1"]

1. e4 e5 2. Nf3 Nc6 3. Nc3 Bc5 4. Bc4 Nf6 5. d3 d6 6. Bg5 Be6 7. Bxe6 fxe6 8. Na4 Bb6 9. Nxb6 axb6 10. c3 O-O 11. O-O h6 12. Bxf6 Qxf6 {draw offer} 13. d4 exd4 14. cxd4 Ra5 15. a3 Rfa8 16. Rc1 d5 17. e5 Qf4 18. b4 Ra4 19. Rc2 b5 20. Qe2 {draw offer} Rxa3 {Martin only needed a draw to win the title, but now he wants more!} 21. Qxb5 R8a7 22. Rfc1 Kh7 23. Qc5 Rb3 24. Rd2 Rxb4 25. Qc2+ Qe4 26. Qc3 Rc4 27. Qb2 Ra2 0-1

[Event "Civil Service Ch 8th"]
[Site "Leeds"]
[Date "1998.??.??"]
[Round "5"]
[White "Lewyk, Ihor"]
[Black "Archer, Richard P"]
[Result "1/2-1/2"]
[WhiteElo "1975"]
[BlackElo "1865"]
[PlyCount "20"]
[EventDate "1998.07.??"]
[EventType "swiss"]
[EventRounds "5"]
[EventCountry "ENG"]
[SourceTitle "BritBase"]
[Source "John Saunders"]
[SourceDate "2024.12.03"]
[SourceVersion "1"]
[SourceVersionDate "2024.12.03"]
[SourceQuality "1"]

1. e4 c5 2. Nf3 d6 3. d4 cxd4 4. Nxd4 Nf6 5. Nc3 Nc6 6. Be2 e6 7. Be3 Be7 8. O-O O-O 9. f4 a6 10. Qd2 {draw offer} Bd7 1/2-1/2

[Event "Civil Service Ch 8th"]
[Site "Leeds"]
[Date "1998.??.??"]
[Round "5"]
[White "Maxwell, Alistair"]
[Black "Smith, GM."]
[Result "1-0"]
[WhiteElo "2120"]
[BlackElo "1665"]
[PlyCount "87"]
[EventDate "1998.07.??"]
[EventType "swiss"]
[EventRounds "5"]
[EventCountry "ENG"]
[SourceTitle "BritBase"]
[Source "John Saunders"]
[SourceDate "2024.12.03"]
[SourceVersion "1"]
[SourceVersionDate "2024.12.03"]
[SourceQuality "1"]

1. e4 e5 2. Nf3 Nf6 3. d4 Nxe4 4. Bd3 d5 5. Nxe5 Bd6 6. O-O O-O 7. c4 c6 8. Qc2 Nf6 9. Bg5 h6 10. Bh4 Be7 11. c5 Be6 12. Nd2 Nfd7 13. Bxe7 Qxe7 14. Ndf3 Nxe5 15. Nxe5 Nd7 16. Rae1 Nxe5 17. Rxe5 f6 18. Re3 Qd7 19. Rfe1 Rfe8 20. Qe2 Bf7 21. Re7 Rxe7 22. Qxe7 Qxe7 23. Rxe7 Re8 24. Rxe8+ Bxe8 25. Bf5 b6 26. b4 Kf7 27. a4 bxc5 28. dxc5 Ke7 29. Bd3 Bd7 30. b5 Kd8 31. f3 Kc7 32. Kf2 f5 33. Ke3 g5 34. Kd4 g4 35. f4 cxb5 36. axb5 Be8 37. Kxd5 a5 38. bxa6 Bc6+ 39. Ke5 Bxg2 40. Kxf5 Bf3 41. Be4 h5 42. a7 Bxe4+ 43. Kxe4 Kb7 44. f5 1-0

[Event "Civil Service Ch 8th"]
[Site "Leeds"]
[Date "1998.??.??"]
[Round "5"]
[White "Millard, Ian"]
[Black "Strickland, Ian D"]
[Result "1-0"]
[WhiteElo "1680"]
[BlackElo "1605"]
[PlyCount "37"]
[EventDate "1998.07.??"]
[EventType "swiss"]
[EventRounds "5"]
[EventCountry "ENG"]
[SourceTitle "BritBase"]
[Source "John Saunders"]
[SourceDate "2024.12.03"]
[SourceVersion "1"]
[SourceVersionDate "2024.12.03"]
[SourceQuality "1"]

1. e4 d6 2. d4 Nf6 3. Nc3 g6 4. h3 Bg7 5. Nf3 c6 6. Bd3 Nbd7 7. Be3 Qc7 8. Qd2 b5 9. a3 Bb7 10. O-O O-O 11. Bh6 a6 12. Rfe1 Rfe8 13. Bxg7 Kxg7 14. e5 dxe5 15. dxe5 Nd5 16. e6 fxe6 17. Ng5 Qd6 18. Nxe6+ Kh8 19. Bxg6 1-0

[Event "Civil Service Ch 8th"]
[Site "Leeds"]
[Date "1998.??.??"]
[Round "5"]
[White "Nicholas, Jeff J"]
[Black "Pendlebury, Ian G"]
[Result "1/2-1/2"]
[WhiteElo "1720"]
[BlackElo "1960"]
[PlyCount "48"]
[EventDate "1998.07.??"]
[EventType "swiss"]
[EventRounds "5"]
[EventCountry "ENG"]
[SourceTitle "BritBase"]
[Source "John Saunders"]
[SourceDate "2024.12.03"]
[SourceVersion "1"]
[SourceVersionDate "2024.12.03"]
[SourceQuality "1"]

1. d4 Nf6 2. c4 e6 3. Nf3 d5 4. g3 c6 5. Bg2 Bd6 6. b3 O-O 7. O-O Nbd7 8. Bb2 Re8 9. Nc3 b6 10. Qc2 Bb7 11. Nd2 Rc8 12. e4 dxe4 13. Ndxe4 Be7 14. Rfd1 Ba8 15. Rac1 Nxe4 16. Nxe4 Nf6 17. Qb1 Nxe4 18. Bxe4 g6 19. Qa1 Bf6 20. Bg2 Bg7 21. Qb1 Qg5 22. Bc3 Red8 23. Bd2 Qe7 24. Be3 Rd7 1/2-1/2

[Event "Civil Service Ch 8th"]
[Site "Leeds"]
[Date "1998.??.??"]
[Round "5"]
[White "Parkes, Jack C"]
[Black "Dennington, Robert"]
[Result "1-0"]
[WhiteElo "1970"]
[BlackElo "1605"]
[PlyCount "69"]
[EventDate "1998.07.??"]
[EventType "swiss"]
[EventRounds "5"]
[EventCountry "ENG"]
[SourceTitle "BritBase"]
[Source "John Saunders"]
[SourceDate "2024.12.03"]
[SourceVersion "1"]
[SourceVersionDate "2024.12.03"]
[SourceQuality "1"]

1. e4 e5 2. d4 exd4 3. Qxd4 Nc6 4. Qe3 d6 5. f4 Qe7 6. Nc3 Nb4 7. Qe2 a6 8. a3 Nc6 9. Nf3 Bg4 10. Nd5 Qd7 11. Be3 O-O-O 12. Bb6 Nf6 13. Nxc7 g6 14. O-O-O Bh6 15. g3 Bxf3 16. Qxf3 Qg4 17. Qe3 Rde8 18. Nxe8 Rxe8 19. h4 Rxe4 20. Qc3 Bxf4+ 21. gxf4 Qxf4+ 22. Kb1 Kd7 23. Bh3+ Ng4 24. Rhf1 Qe5 25. Bxg4+ Rxg4 26. Rxf7+ Ke6 27. Rxh7 Qxc3 28. bxc3 Ne5 29. Bc7 Nc4 30. Ka2 d5 31. Re1+ Re4 32. Rxe4+ dxe4 33. Bf4 e3 34. Bxe3 Kf5 35. Bg5 1-0

[Event "Civil Service Ch 8th"]
[Site "Leeds"]
[Date "1998.??.??"]
[Round "5"]
[White "Portman, Carl S"]
[Black "Thurlow, Kevin J"]
[Result "1/2-1/2"]
[WhiteElo "1855"]
[BlackElo "2090"]
[PlyCount "72"]
[EventDate "1998.07.??"]
[EventType "swiss"]
[EventRounds "5"]
[EventCountry "ENG"]
[SourceTitle "BritBase"]
[Source "John Saunders"]
[SourceDate "2024.12.03"]
[SourceVersion "1"]
[SourceVersionDate "2024.12.03"]
[SourceQuality "1"]

1. Nf3 Nf6 2. d4 e6 3. g3 b6 4. Bg2 Bb7 5. O-O c5 6. c3 d5 7. Bg5 Be7 8. Ne5 O-O 9. f4 Nc6 10. e3 Nd7 11. Nxd7 Qxd7 12. Bxe7 Qxe7 13. Nd2 Rad8 14. Nf3 f6 15. Qd2 e5 16. Bh3 cxd4 17. cxd4 e4 18. Ne1 Ba6 19. Rf2 f5 20. Bf1 Bxf1 21. Rxf1 Rc8 22. Rc1 Na5 23. b3 Rxc1 24. Qxc1 Qd7 25. Rf2 Rc8 26. Rc2 Rxc2 27. Qxc2 Kf7 28. Qc3 Ke6 29. Qb4 Qd6 30. Qxd6+ Kxd6 31. Nc2 Kc6 32. Kf2 Kb5 33. Ke2 Nc6 34. a3 Na5 35. a4+ Kc6 36. Na1 Kd6 1/2-1/2